The day of the Jackal. Season one / Sky and ... Read More
Available copies
- 2 of 2 copies available at LARL/NWRL Consortium.
- 2 of 2 copies available at Lake Agassiz Regional Library. (Show preferred library)
Current holds
2 current holds with 2 total copies.
Show All Copies
| Location | Call Number / Copy Notes | Barcode | Shelving Location | Status | Due Date |
|---|---|---|---|---|---|
| Detroit Lakes Public Library | DVD DAY (Text) | 33500014308712 | Main | Available | - |
| Moorhead Public Library | DVD DAY (Text) | 33500014308704 | Main | Available | - |
Record details
- Physical Description: 4 videodiscs (8 hr., 53 min.) : sound, color ; 4 ... Read More
- Publisher: Universal City, CA: Universal Studios, [2025]
- Copyright: ©2025
Content descriptions
| General Note: | Wide screen. Based on the novel by Frederick Forsyth. Originally broadcast as single episodes of a television program in 2024. Bonus features: Melon scene breakdown; Becoming the Jackal; Becoming Bianca. |
| Formatted Contents Note: | Disc 1. Episode 1 ; Episode 2 ; Episode 3 -- Disc ... Read More |
| Creation/Production Credits Note: | Director of photography, Christopher Ross, Ashley ... Read More |
| Participant or Performer Note: | Eddie Redmayne, Lashana Lynch, Úrsula Corberó, ... Read More |
| Summary, etc.: | "Based on Frederick Forsyth's acclaimed novel, The ... Read More |
| Target Audience Note: | Rating: Not rated by the MPA. CHV Rating: 14A. Régie du cinéma: 13+. |
| System Details Note: | DVD; NTSC, region 1; wide screen (2.39:1); Dolby ... Read More |
| Language Note: | English dialogue; English subtitles for the deaf ... Read More |
| Source of Description Note: | Title from disc label; credits from title and end ... Read More |
Search for related items by subject
| Subject: | Great Britain. MI6 > Drama. Assassins > Drama. Attempted assassination > Drama. Assassination > Prevention > Drama. Government investigators > Drama. |
Search for related items by series
| LDR | 09164cgm a2201525 i 4500 | ||
|---|---|---|---|
| 001 | 475467 | ||
| 003 | LARL_NWRL_CONSORTIUM | ||
| 005 | 20251204151100.0 | ||
| 008 | 250902p20252024cau533 e vleng d | ||
| 007 | vd cvaizq | ||
| 040 | . | ‡aTEFMT ‡beng ‡erda ‡cTEFMT ‡dTEF ‡dOCLCO ‡dTEFMT ‡dTH8 ‡dHBP ‡dJO6 ‡dJQW ‡dVP@ ‡dJBU ‡dOCLCO ‡dINO ‡dOCLCO ‡dOCO | |
| 024 | 1 | . | ‡a191329282113 |
| 028 | 4 | 2. | ‡a1000856637 ‡bUniversal Studios |
| 028 | 4 | 2. | ‡a3000100896 ‡bUniversal Studios ‡q(container) |
| 028 | 4 | 2. | ‡a1303617 ‡bUniversal Studios ‡q(disc 1) |
| 028 | 4 | 2. | ‡a2000189983 ‡bUniversal Studios ‡q(disc 1) |
| 028 | 4 | 2. | ‡a1303876 ‡bUniversal Studios ‡q(disc 2) |
| 028 | 4 | 2. | ‡a2000189982 ‡bUniversal Studios ‡q(disc 2) |
| 028 | 4 | 2. | ‡a1303877 ‡bUniversal Studios ‡q(disc 3) |
| 028 | 4 | 2. | ‡a2000190201 ‡bUniversal Studios ‡q(disc 3) |
| 028 | 4 | 2. | ‡a1303889 ‡bUniversal Studios ‡q(disc 4) |
| 028 | 4 | 2. | ‡a2000190652 ‡bUniversal Studios ‡q(disc 4) |
| 035 | . | ‡a(OCoLC)1535138939 | |
| 037 | . | ‡bMidwest Tape ‡nhttp://www.midwesttapes.com | |
| 041 | 0 | . | ‡aeng ‡peng ‡heng |
| 043 | . | ‡ae------ | |
| 046 | . | ‡k2024 ‡2edtf | |
| 082 | 0 | 4. | ‡a791.45/75 ‡223/eng/20250916 |
| 130 | 0 | . | ‡aDay of the jackal (Television program : 2024- ). ‡nSeason 1. |
| 245 | 1 | 4. | ‡aThe day of the Jackal. ‡pSeason one / ‡cSky and Peacock present ; a Carnival Films production ; written by Ronan Bennett, Jessica Sinyard, Charles Cumming, Shyam Popat ; created for television by Ronan Bennett ; produced by Christopher Hall ; directed by Brian Kirk, Anthony Philipson, Paul Wilmshurst, Anu Menon. |
| 246 | 3 | . | ‡aDay of the jackal. ‡pFirst season |
| 264 | 1. | ‡aUniversal City, CA: ‡bUniversal Studios, ‡c[2025] | |
| 264 | 4. | ‡c©2025 | |
| 300 | . | ‡a4 videodiscs (8 hr., 53 min.) : ‡bsound, color ; ‡c4 3/4 in. | |
| 306 | . | ‡a085300 | |
| 336 | . | ‡atwo-dimensional moving image ‡btdi ‡2rdacontent | |
| 337 | . | ‡avideo ‡bv ‡2rdamedia | |
| 338 | . | ‡avideodisc ‡bvd ‡2rdacarrier | |
| 340 | . | ‡b4 3/4 in. | |
| 340 | . | ‡gpolychrome ‡2rdacc | |
| 341 | 0 | . | ‡aauditory ‡bclosedCaptions ‡2sapdv |
| 344 | . | ‡adigital ‡2rdatr | |
| 344 | . | ‡boptical ‡2rdarm | |
| 344 | . | ‡gsurround ‡2rdacpc | |
| 344 | . | ‡hDolby digital 5.1 | |
| 344 | . | ‡isound ‡2rdasco | |
| 345 | . | ‡c2.39:1 | |
| 345 | . | ‡dwide screen ‡2rdaar | |
| 346 | . | ‡bNTSC ‡2rdabs | |
| 347 | . | ‡avideo file ‡2rdaft | |
| 347 | . | ‡bDVD video | |
| 347 | . | ‡eregion 1 ‡2rdare | |
| 380 | . | ‡aTelevision programs ‡2lcgft | |
| 490 | 0 | . | ‡aDay of the Jackal ; ‡vSeason 1 |
| 538 | . | ‡aDVD; NTSC, region 1; wide screen (2.39:1); Dolby Digital 5.1. | |
| 546 | . | ‡aEnglish dialogue; English subtitles for the deaf and hard of hearing (SDH). | |
| 532 | 1 | . | ‡aEnglish subtitles for the deaf and hard of hearing (SDH) |
| 588 | 0 | . | ‡aTitle from disc label; credits from title and end credit frames. |
| 511 | 1 | . | ‡aEddie Redmayne, Lashana Lynch, Úrsula Corberó, Chukwudi Iwuji, Khalid Abdalla, Lia Williams, Eleanor Matsuura, Ben Hall. |
| 508 | . | ‡aDirector of photography, Christopher Ross, Ashley Rowe, Dale Elena McCready, Laurie Rose ; production designer, Richard Bullock, Rob Harris ; edited by Luke Dunkley, Sam Hodge, Ben Whitehead, Adam Green, Elen Pierce Lewis, Adam Moss ; music by Volker Bertelmann ; costume designer, Natalie Humphries. | |
| 500 | . | ‡aWide screen. | |
| 500 | . | ‡aBased on the novel by Frederick Forsyth. | |
| 500 | . | ‡aOriginally broadcast as single episodes of a television program in 2024. | |
| 521 | 8 | . | ‡aRating: Not rated by the MPA. |
| 521 | 8 | . | ‡aCHV Rating: 14A. |
| 521 | 8 | . | ‡aRégie du cinéma: 13+. |
| 520 | . | ‡a"Based on Frederick Forsyth's acclaimed novel, The Day of The Jackal follows an elite assassin known as 'The Jackal' as he works towards carrying out a seemingly impossible hit. However, his actions soon attract the attention of a British intelligence officer, Bianca, who sets out to hunt him down before his next kill. Armed with an array of disguises, skills, and weapons, we meet the Jackal carrying out his latest hit in Germany. Impressed by his work, an anonymous client reaches out with a proposal--the Jackal's riskiest job yet, but with a payout that may let him leave the game for good. The Day of The Jackal is a twisting, high-octane thriller about two highly skilled operatives engaging in espionage, subterfuge, and violence, as they stop at nothing to achieve their goals."-- ‡cContainer. | |
| 500 | . | ‡aBonus features: Melon scene breakdown; Becoming the Jackal; Becoming Bianca. | |
| 505 | 0 | 0. | ‡gDisc 1. ‡tEpisode 1 ; ‡tEpisode 2 ; ‡tEpisode 3 -- ‡gDisc 2. ‡tEpisode 4 ; ‡tEpisode 5 ; ‡tEpisode 6 -- ‡gDisc 3. ‡tEpisode 7 ; ‡tEpisode 8 -- ‡gDisc 4. ‡tEpisode 9 ; ‡tEpisode 10 ; ‡tbonus features. |
| 610 | 1 | 0. | ‡aGreat Britain. ‡bMI6 ‡vDrama. |
| 650 | 0. | ‡aAssassins ‡vDrama. ‡0(LARL_NWRL_CONSORTIUM)163537 | |
| 650 | 0. | ‡aAttempted assassination ‡vDrama. | |
| 650 | 0. | ‡aAssassination ‡xPrevention ‡vDrama. | |
| 650 | 0. | ‡aGovernment investigators ‡vDrama. | |
| 655 | 7. | ‡aThrillers (Television programs) ‡2lcgft ‡0(LARL_NWRL_CONSORTIUM)175790 | |
| 655 | 7. | ‡aAction and adventure television programs. ‡2lcgft ‡0(LARL_NWRL_CONSORTIUM)175838 | |
| 655 | 7. | ‡aSpy television programs. ‡2lcgft ‡0(LARL_NWRL_CONSORTIUM)175698 | |
| 655 | 7. | ‡aFiction television programs. ‡2lcgft ‡0(LARL_NWRL_CONSORTIUM)175627 | |
| 655 | 7. | ‡aTelevision adaptations. ‡2lcgft ‡0(LARL_NWRL_CONSORTIUM)175702 | |
| 655 | 7. | ‡aTelevision series. ‡2lcgft ‡0(LARL_NWRL_CONSORTIUM)175797 | |
| 655 | 7. | ‡aVideo recordings for the hearing impaired. ‡2lcgft ‡0(LARL_NWRL_CONSORTIUM)175744 | |
| 700 | 1 | . | ‡aBennett, Ronan, ‡ecreator, ‡escreenwriter. ‡1https://id.oclc.org/worldcat/entity/E39PBJh8MtKkHptYTCdrv4dmh3 ‡0(LARL_NWRL_CONSORTIUM)150544 |
| 700 | 1 | . | ‡aSinyard, Jessica, ‡escreenwriter. |
| 700 | 1 | . | ‡aCumming, Charles, ‡d1971- ‡escreenwriter. ‡1https://id.oclc.org/worldcat/entity/E39PBJmHPFvxKBJfwVDByfdmh3 ‡0(LARL_NWRL_CONSORTIUM)201740 |
| 700 | 1 | . | ‡aPopat, Shyam, ‡escreenwriter. |
| 700 | 1 | . | ‡aHall, Christopher, ‡d1957- ‡etelevision producer. ‡1https://id.oclc.org/worldcat/entity/E39PBJdrDPrW7fwhRMH6RxfDv3 |
| 700 | 1 | . | ‡aKirk, Brian, ‡d1968- ‡etelevision director. ‡1https://id.oclc.org/worldcat/entity/E39PBJrcj43QmVF4rwDbhvfg8C |
| 700 | 1 | . | ‡aPhilipson, Anthony, ‡etelevision director. |
| 700 | 1 | . | ‡aWilmshurst, Paul, ‡etelevision director. ‡1https://id.oclc.org/worldcat/entity/E39PCjMpVDxvjgDRMrdkKYHHYd |
| 700 | 1 | . | ‡aMenon, Anu, ‡etelevision director. ‡1https://id.oclc.org/worldcat/entity/E39PCjyHKywMPHkP7XcbB79KwK |
| 700 | 1 | . | ‡aRedmayne, Eddie, ‡d1982- ‡eactor. ‡1https://id.oclc.org/worldcat/entity/E39PBJrgGThyRQt4wXHdFGGGpP ‡0(LARL_NWRL_CONSORTIUM)212479 |
| 700 | 1 | . | ‡aLynch, Lashana, ‡d1987- ‡eactor. ‡1https://id.oclc.org/worldcat/entity/E39PBJdRwKVhV79YdbQQBtY3wC |
| 700 | 1 | . | ‡aCorberó, Úrsula, ‡d1989- ‡eactor. ‡1https://id.oclc.org/worldcat/entity/E39PBJtcJPyJHDHBbPCVwffpfq |
| 700 | 1 | . | ‡aIwuji, Chukwudi, ‡d1975- ‡eactor. ‡1https://id.oclc.org/worldcat/entity/E39PBJmXGK6JrJRMj7bHjVMdcP |
| 700 | 1 | . | ‡aAbdalla, Khalid, ‡d1980- ‡eactor. ‡1https://id.oclc.org/worldcat/entity/E39PBJjmPbyPmKvch9hd4TDDv3 ‡0(LARL_NWRL_CONSORTIUM)198992 |
| 700 | 1 | . | ‡aWilliams, Lia, ‡eactor. ‡1https://id.oclc.org/worldcat/entity/E39PBJmXGgCJRC7cK3gcBXQDv3 ‡0(LARL_NWRL_CONSORTIUM)219604 |
| 700 | 1 | . | ‡aMatsuura, Eleanor, ‡d1983- ‡eactor. ‡1https://id.oclc.org/worldcat/entity/E39PCjr9cCBqDYBG8gkcqWRdwC |
| 700 | 1 | . | ‡aHall, Ben ‡c(Actor), ‡eactor. ‡1https://id.oclc.org/worldcat/entity/E39PCjDpM3mTg8vrVkxMdwDRfC |
| 700 | 1 | . | ‡aRimi, Sule, ‡eactor. ‡1https://id.oclc.org/worldcat/entity/E39PCjGCw6FKCPMPXV77Vj8WtC |
| 700 | 1 | . | ‡aRoss, Christopher ‡c(Cinematographer), ‡edirector of photography. ‡1https://id.oclc.org/worldcat/entity/E39PCjxPFTkyH4wGKY4TXkwpyd |
| 700 | 1 | . | ‡aRowe, Ashley, ‡d1959- ‡edirector of photography. ‡1https://id.oclc.org/worldcat/entity/E39PBJhX9dffktM6dcxPGcm8G3 |
| 700 | 1 | . | ‡aMcCready, Dale Elena, ‡edirector of photography. |
| 700 | 1 | . | ‡aRose, Laurie, ‡edirector of photography. ‡1https://id.oclc.org/worldcat/entity/E39PCjwTTrYJ6mYk7TYjYtXKV3 |
| 700 | 1 | . | ‡aBullock, Richard ‡c(Production designer), ‡eproduction designer. |
| 700 | 1 | . | ‡aHarris, Rob ‡c(Production designer), ‡eproduction designer. |
| 700 | 1 | . | ‡aDunkley, Luke, ‡eeditor of moving image work. ‡1https://id.oclc.org/worldcat/entity/E39PCjv4FgpvRcgVkJgvHjrwRX |
| 700 | 1 | . | ‡aHodge, Sam ‡c(Film editor), ‡eeditor of moving image work. |
| 700 | 1 | . | ‡aWhitehead, Ben, ‡eeditor of moving image work. |
| 700 | 1 | . | ‡aGreen, Adam ‡c(Film editor), ‡eeditor of moving image work. |
| 700 | 1 | . | ‡aLewis, Elen Pierce, ‡eeditor of moving image work. |
| 700 | 1 | . | ‡aMoss, Adam ‡c(Film editor), ‡eeditor of moving image work. |
| 700 | 1 | . | ‡aBertelmann, Volker, ‡d1966- ‡ecomposer (expression) |
| 700 | 1 | . | ‡aHumphries, Natalie, ‡ecostume designer. |
| 700 | 1 | . | ‡iTelevision adaptation of (work): ‡aForsyth, Frederick, ‡d1938-2025. ‡tDay of the jackal. |
| 710 | 2 | . | ‡aBritish Sky Broadcasting, ‡epresenter. ‡0(LARL_NWRL_CONSORTIUM)151674 |
| 710 | 2 | . | ‡aSky Television, ‡epresenter. |
| 710 | 2 | . | ‡aPeacock (Firm), ‡epresenter. |
| 710 | 2 | . | ‡aCarnival Films (Great Britain), ‡eproduction company. ‡0(LARL_NWRL_CONSORTIUM)144535 |
| 710 | 2 | . | ‡aUniversal Studios, Inc., ‡epublisher. ‡0(LARL_NWRL_CONSORTIUM)198284 |
| 710 | 2 | . | ‡aUniversal Pictures Home Entertainment (Firm), ‡epublisher. |
| 901 | . | ‡a475467 ‡bOCoLC ‡c475467 ‡tbiblio ‡soclc | |

Add to basket
Permalink
Disable Highlighting